| 000 | 00971nam a22002897a 4500 | ||
|---|---|---|---|
| 001 | 03560 | ||
| 003 | HDC | ||
| 007 | cr bn ---aaaaa | ||
| 008 | 210110t2004 nyu||||| |||| 00| 0 eng | ||
| 020 | _a0-8247-4783-6 | ||
| 040 | _aHDC | ||
| 100 |
_aPeart, Robert M. _eauthor _93066 |
||
| 245 | 0 |
_aAgricultural systems management : optimizing efficiency and performance / by _cRobert M. Peart, W. David Shoup |
|
| 260 |
_aNew York : _bMarcel Dekker, _c2004 |
||
| 300 | _a14 pages | ||
| 336 |
_atext _2rdacontent |
||
| 337 |
_acomputer _2rdamedia |
||
| 338 |
_aonline resource _2rdacarrier |
||
| 650 |
_aAgricultural systems _93067 |
||
| 650 |
_aData processing _93068 |
||
| 650 |
_aManagement _9617 |
||
| 700 |
_aShow, W. David _93069 |
||
| 856 | _zRequest full-text at [email protected] | ||
| 942 | _2lcc | ||
| 942 | _cCHAP | ||
| 942 | _kEBCH 001606 | ||
| 999 |
_c910 _d910 |
||